000 00677cam a2200181 i 4500
005 20251108171040.0
008 250721s2002 ua gr 000 0 ara d
020 _a9772715643
082 1 4 _a005.4
_bب س ي
100 1 _aبسيوني، عبد الحميد
_eمؤلف.
245 1 0 _aبرنامج العروض باور بوينت /
_cتأليف مهندس عبد الحميد بسيوني، أحمد شوقي شاهين.
264 1 _aالقاهرة :
_bمكتبة ابن سينا،
_c2002.
300 _a253 صفحة.
650 1 7 _aتطبيقات الحاسوب.
700 1 _aشاهين، أحمد شوقي
_eمؤلف.
942 _2ddc
_cBK
999 _c55282
_d55282